header

Warriors (Record no. 259462)

MARC details
000 -LEADER
fixed length control field 00276nam a22001097a 4500
008 - FIXED-LENGTH DATA ELEMENTS--GENERAL INFORMATION
fixed length control field 220928b xxu||||| |||| 00| 0 eng d
020 ## - INTERNATIONAL STANDARD BOOK NUMBER
International Standard Book Number 9780062366979
050 ## - LIBRARY OF CONGRESS CALL NUMBER
Item number 20190370
100 ## - MAIN ENTRY--PERSONAL NAME
Personal name Erin Hunter
245 ## - TITLE STATEMENT
Title Warriors
260 ## - PUBLICATION, DISTRIBUTION, ETC. (IMPRINT)
Place of publication, distribution, etc New York
Name of publisher, distributor, etc Harper collins Publishers
Date of publication, distribution, etc 2003
Holdings
Withdrawn status Lost status Source of classification or shelving scheme Damaged status Koha normalized classification for sorting Not for loan Koha collection Location (home branch) Sublocation or collection (holding branch) Shelving location Date acquired Koha issues (times borrowed) Koha full call number Piece designation (barcode) Koha date last seen Koha date last borrowed Price effective from Koha item type
    Library of Congress Classification   PZ0007 H9166 02003   Fiction Rongo University Library Rongo University Library General Stacks 28/09/2022 5 PZ7.H9166 2003 20190370 11/10/2023 29/09/2023 28/09/2022 Long Loan Books

© 2026 Rongo University
Contact us: librarian | system librarian | Rongo university